000 00633nam a22002297a 4500
003 UA-OsUOA
001 96082
007 ta
008 20130314b un ||||| |||| 00| 0 ukr d
090 _a(031)32
_bП50
942 _cBK
040 _aUA-OsUOA
_bukr
_cUA-OsUOA
_dUA-OsUOA
245 _aПолітична енциклопедія
_cредкол.: Левенець Ю., Шаповал Ю.
300 _a808 с.
955 _a2
041 _aukr
080 _a(031)32
020 _a978-966-611-818-2
260 _aК.
_bПарламентське
_c2012
650 7 _a0 Загальний відділ.
_2UDC
999 _c382328
_d382328